<?xml version="1.0" encoding="UTF-8"?>
<record
    xmlns:xsi="http://www.w3.org/2001/XMLSchema-instance"
    xsi:schemaLocation="http://www.loc.gov/MARC21/slim http://www.loc.gov/standards/marcxml/schema/MARC21slim.xsd"
    xmlns="http://www.loc.gov/MARC21/slim">

  <leader>02330nam0a2200397   4500</leader>
  <controlfield tag="001">RU\NLR\bibl\1235038</controlfield>
  <controlfield tag="005">20260406104550.0</controlfield>
  <datafield tag="010" ind1=" " ind2=" ">
    <subfield code="a">978-5-377-01538-3</subfield>
    <subfield code="9">10000</subfield>
  </datafield>
  <datafield tag="021" ind1=" " ind2=" ">
    <subfield code="a">RU</subfield>
    <subfield code="b">2008-26353</subfield>
    <subfield code="9">1453</subfield>
  </datafield>
  <datafield tag="035" ind1=" " ind2=" ">
    <subfield code="a">(NLR Aleph) 001221282</subfield>
  </datafield>
  <datafield tag="090" ind1=" " ind2=" ">
    <subfield code="a">140046</subfield>
    <subfield code="c">140046</subfield>
  </datafield>
  <datafield tag="100" ind1=" " ind2=" ">
    <subfield code="a">20080602d2008    |||y0rusy50      ca</subfield>
  </datafield>
  <datafield tag="101" ind1="0" ind2=" ">
    <subfield code="a">rus</subfield>
    <subfield code="a">eng</subfield>
  </datafield>
  <datafield tag="102" ind1=" " ind2=" ">
    <subfield code="a">RU</subfield>
  </datafield>
  <datafield tag="105" ind1=" " ind2=" ">
    <subfield code="a">a   |||||||||</subfield>
  </datafield>
  <datafield tag="200" ind1="1" ind2=" ">
    <subfield code="a">&#x413;&#x440;&#x430;&#x43C;&#x43C;&#x430;&#x442;&#x438;&#x43A;&#x430; &#x430;&#x43D;&#x433;&#x43B;&#x438;&#x439;&#x441;&#x43A;&#x43E;&#x433;&#x43E; &#x44F;&#x437;&#x44B;&#x43A;&#x430;</subfield>
    <subfield code="e">&#x43A;&#x43D;&#x438;&#x433;&#x430; &#x434;&#x43B;&#x44F; &#x440;&#x43E;&#x434;&#x438;&#x442;&#x435;&#x43B;&#x435;&#x439;</subfield>
    <subfield code="e">&#x43A; &#x443;&#x447;&#x435;&#x431;&#x43D;&#x438;&#x43A;&#x443; &#x418;. &#x41D;. &#x412;&#x435;&#x440;&#x435;&#x449;&#x430;&#x433;&#x438;&#x43D;&#x43E;&#x439; &#x438; &#x434;&#x440;. "&#x410;&#x43D;&#x433;&#x43B;&#x438;&#x439;&#x441;&#x43A;&#x438;&#x439; &#x44F;&#x437;&#x44B;&#x43A;: 2 &#x43A;&#x43B;&#x430;&#x441;&#x441;" (&#x41C;.: &#x41F;&#x440;&#x43E;&#x441;&#x432;&#x435;&#x449;&#x435;&#x43D;&#x438;&#x435;)</subfield>
    <subfield code="e">2 &#x43A;&#x43B;&#x430;&#x441;&#x441;</subfield>
    <subfield code="f">&#x415;. &#x410;. &#x411;&#x430;&#x440;&#x430;&#x448;&#x43A;&#x43E;&#x432;&#x430;</subfield>
  </datafield>
  <datafield tag="205" ind1=" " ind2=" ">
    <subfield code="a">&#x418;&#x437;&#x434;. 5-&#x435;, &#x441;&#x442;&#x435;&#x440;.</subfield>
  </datafield>
  <datafield tag="210" ind1=" " ind2=" ">
    <subfield code="a">&#x41C;&#x43E;&#x441;&#x43A;&#x432;&#x430;</subfield>
    <subfield code="c">&#x42D;&#x43A;&#x437;&#x430;&#x43C;&#x435;&#x43D;</subfield>
    <subfield code="d">2008</subfield>
  </datafield>
  <datafield tag="215" ind1=" " ind2=" ">
    <subfield code="a">62, [1] &#x441;.</subfield>
    <subfield code="d">21</subfield>
  </datafield>
  <datafield tag="225" ind1="1" ind2=" ">
    <subfield code="a">&#x423;&#x447;&#x435;&#x431;&#x43D;&#x43E;-&#x43C;&#x435;&#x442;&#x43E;&#x434;&#x438;&#x447;&#x435;&#x441;&#x43A;&#x438;&#x439; &#x43A;&#x43E;&#x43C;&#x43F;&#x43B;&#x435;&#x43A;&#x442;</subfield>
    <subfield code="e">&#x423;&#x41C;&#x41A;</subfield>
  </datafield>
  <datafield tag="225" ind1="1" ind2=" ">
    <subfield code="a">English</subfield>
    <subfield code="e">2</subfield>
  </datafield>
  <datafield tag="300" ind1=" " ind2=" ">
    <subfield code="a">&#x41D;&#x430; &#x43E;&#x431;&#x43B;. &#x43F;&#x43E;&#x434;&#x437;&#x430;&#x433;.: &#x41A; &#x443;&#x447;&#x435;&#x431;&#x43D;&#x438;&#x43A;&#x443; &#x418;. &#x41D;. &#x412;&#x435;&#x440;&#x435;&#x449;&#x430;&#x433;&#x438;&#x43D;&#x43E;&#x439;, &#x41A;. &#x410;. &#x411;&#x43E;&#x43D;&#x434;&#x430;&#x440;&#x435;&#x43D;&#x43A;&#x43E;, &#x422;. &#x410;. &#x41F;&#x440;&#x438;&#x442;&#x44B;&#x43A;&#x438;&#x43D;&#x43E;&#x439; "English 2"</subfield>
  </datafield>
  <datafield tag="422" ind1=" " ind2="0">
    <subfield code="1">2001#$a&#x410;&#x43D;&#x433;&#x43B;&#x438;&#x439;&#x441;&#x43A;&#x438;&#x439; &#x44F;&#x437;&#x44B;&#x43A;$e&#x443;&#x447;&#x435;&#x431;&#x43D;&#x438;&#x43A; &#x434;&#x43B;&#x44F; 2 &#x43A;&#x43B;&#x430;&#x441;&#x441;&#x430; &#x448;&#x43A;&#x43E;&#x43B; &#x441; &#x443;&#x433;&#x43B;&#x443;&#x431;&#x43B;&#x435;&#x43D;&#x43D;&#x44B;&#x43C; &#x438;&#x437;&#x443;&#x447;&#x435;&#x43D;&#x438;&#x435;&#x43C; &#x430;&#x43D;&#x433;&#x43B;&#x438;&#x439;&#x441;&#x43A;&#x43E;&#x433;&#x43E; &#x44F;&#x437;&#x44B;&#x43A;&#x430;, &#x43B;&#x438;&#x446;&#x435;&#x435;&#x432; &#x438; &#x433;&#x438;&#x43C;&#x43D;&#x430;&#x437;&#x438;&#x439;$e2-&#x439; &#x433;&#x43E;&#x434; &#x43E;&#x431;&#x443;&#x447;&#x435;&#x43D;&#x438;&#x44F;$f&#x418;. &#x41D;. &#x412;&#x435;&#x440;&#x435;&#x449;&#x430;&#x433;&#x438;&#x43D;&#x430;, &#x41A;. &#x410;. &#x411;&#x43E;&#x43D;&#x434;&#x430;&#x440;&#x435;&#x43D;&#x43A;&#x43E;, &#x422;. &#x410;. &#x41F;&#x440;&#x438;&#x442;&#x44B;&#x43A;&#x438;&#x43D;&#x43E;&#x439;</subfield>
    <subfield code="t">&#x410;&#x43D;&#x433;&#x43B;&#x438;&#x439;&#x441;&#x43A;&#x438;&#x439; &#x44F;&#x437;&#x44B;&#x43A;</subfield>
  </datafield>
  <datafield tag="606" ind1="1" ind2=" ">
    <subfield code="a">&#x410;&#x43D;&#x433;&#x43B;&#x438;&#x439;&#x441;&#x43A;&#x438;&#x439; &#x44F;&#x437;&#x44B;&#x43A;</subfield>
    <subfield code="j">&#x423;&#x447;&#x435;&#x431;&#x43D;&#x43E;-&#x43C;&#x435;&#x442;&#x43E;&#x434;&#x438;&#x447;&#x435;&#x441;&#x43A;&#x438;&#x435; &#x43F;&#x43E;&#x441;&#x43E;&#x431;&#x438;&#x44F;</subfield>
    <subfield code="x">&#x413;&#x440;&#x430;&#x43C;&#x43C;&#x430;&#x442;&#x438;&#x43A;&#x430;</subfield>
    <subfield code="x">&#x41F;&#x440;&#x435;&#x43F;&#x43E;&#x434;&#x430;&#x432;&#x430;&#x43D;&#x438;&#x435;</subfield>
    <subfield code="x">&#x41D;&#x430;&#x447;&#x430;&#x43B;&#x44C;&#x43D;&#x430;&#x44F; &#x448;&#x43A;&#x43E;&#x43B;&#x430;</subfield>
    <subfield code="9">2464456</subfield>
    <subfield code="3">RU\NLR\auth\661464139</subfield>
  </datafield>
  <datafield tag="606" ind1="1" ind2=" ">
    <subfield code="a">&#x410;&#x43D;&#x433;&#x43B;&#x438;&#x439;&#x441;&#x43A;&#x438;&#x439; &#x44F;&#x437;&#x44B;&#x43A;</subfield>
    <subfield code="j">&#x423;&#x447;&#x435;&#x431;&#x43D;&#x43E;-&#x43C;&#x435;&#x442;&#x43E;&#x434;&#x438;&#x447;&#x435;&#x441;&#x43A;&#x438;&#x435; &#x43F;&#x43E;&#x441;&#x43E;&#x431;&#x438;&#x44F;</subfield>
    <subfield code="x">&#x41E;&#x431;&#x443;&#x447;&#x435;&#x43D;&#x438;&#x435; &#x432; &#x441;&#x435;&#x43C;&#x44C;&#x435;</subfield>
    <subfield code="9">971032</subfield>
    <subfield code="3">RU\NLR\auth\6645375</subfield>
  </datafield>
  <datafield tag="606" ind1="1" ind2=" ">
    <subfield code="a">&#x410;&#x43D;&#x433;&#x43B;&#x438;&#x439;&#x441;&#x43A;&#x438;&#x439; &#x44F;&#x437;&#x44B;&#x43A;</subfield>
    <subfield code="j">&#x423;&#x447;&#x435;&#x431;&#x43D;&#x44B;&#x435; &#x438;&#x437;&#x434;&#x430;&#x43D;&#x438;&#x44F; &#x434;&#x43B;&#x44F; &#x43D;&#x430;&#x447;&#x430;&#x43B;&#x44C;&#x43D;&#x43E;&#x439; &#x448;&#x43A;&#x43E;&#x43B;&#x44B;</subfield>
    <subfield code="9">972309</subfield>
    <subfield code="3">RU\NLR\auth\6646032</subfield>
  </datafield>
  <datafield tag="686" ind1=" " ind2=" ">
    <subfield code="a">&#x427;491.7(&#x430;&#x43D;&#x433;&#x43B;)&#x44F;7</subfield>
  </datafield>
  <datafield tag="686" ind1=" " ind2=" ">
    <subfield code="a">&#x427;426.179&#x410;&#x43D;2(2),01&#x44F;7</subfield>
  </datafield>
  <datafield tag="686" ind1=" " ind2=" ">
    <subfield code="a">&#x428;143.21-93&#x440;&#x443;&#x441;21[2]</subfield>
  </datafield>
  <datafield tag="700" ind1=" " ind2="1">
    <subfield code="4">070</subfield>
    <subfield code="8">rus</subfield>
    <subfield code="7">ca</subfield>
    <subfield code="a">&#x411;&#x430;&#x440;&#x430;&#x448;&#x43A;&#x43E;&#x432;&#x430;</subfield>
    <subfield code="b">&#x415;. &#x410;.</subfield>
    <subfield code="g">&#x415;&#x43B;&#x435;&#x43D;&#x430; &#x410;&#x43B;&#x435;&#x43A;&#x441;&#x430;&#x43D;&#x434;&#x440;&#x43E;&#x432;&#x43D;&#x430;</subfield>
    <subfield code="3">RU\NLR\AUTH\7796501</subfield>
    <subfield code="9">79427</subfield>
  </datafield>
  <datafield tag="801" ind1=" " ind2="0">
    <subfield code="a">RU</subfield>
    <subfield code="b">NLR</subfield>
    <subfield code="c">20080602</subfield>
    <subfield code="g">RCR</subfield>
  </datafield>
  <datafield tag="801" ind1=" " ind2="1">
    <subfield code="a">RU</subfield>
    <subfield code="b">NLR</subfield>
    <subfield code="c">20080602</subfield>
  </datafield>
  <datafield tag="942" ind1=" " ind2=" ">
    <subfield code="c">BOOK</subfield>
  </datafield>
  <datafield tag="980" ind1=" " ind2=" ">
    <subfield code="a">NB</subfield>
  </datafield>
  <datafield tag="995" ind1=" " ind2=" ">
    <subfield code="5">2008-06-02</subfield>
    <subfield code="a">ad</subfield>
    <subfield code="b">NLR01</subfield>
    <subfield code="c">NLR01</subfield>
    <subfield code="e">RF9</subfield>
    <subfield code="f">2685839</subfield>
    <subfield code="k">2008-4/10313</subfield>
    <subfield code="o">0</subfield>
    <subfield code="r">BOOK</subfield>
    <subfield code="s">2008410313_</subfield>
  </datafield>
  <datafield tag="995" ind1=" " ind2=" ">
    <subfield code="5">2008-06-02</subfield>
    <subfield code="a">ad</subfield>
    <subfield code="b">NLR01</subfield>
    <subfield code="c">NLR01</subfield>
    <subfield code="e">OBM</subfield>
    <subfield code="f">2685840</subfield>
    <subfield code="o">0</subfield>
    <subfield code="r">BOOK</subfield>
  </datafield>
</record>
